Islamic Republic of Afghanistan : Third Review Under the Staff-Monitored Program and Request for an Extension.

This paper assesses Afghanistan's Third Review Under the Staff-Monitored Program (SMP) and Request for an Extension. Performance during the third quarter of the SMP was strong, particularly considering that the October 2004 presidential elections and the ensuing formation of a new government di...

Descrizione completa

Dettagli Bibliografici
Ente Autore: International Monetary Fund
Natura: Periodico
Lingua:English
Pubblicazione: Washington, D.C. : International Monetary Fund, 2005.
Serie:IMF Staff Country Reports; Country Report ; No. 2005/128
Accesso online:Full text available on IMF
LEADER 01720cas a2200241 a 4500
001 AALejournalIMF003547
008 230101c9999 xx r poo 0 0eng d
020 |c 5.00 USD 
020 |z 9781451800210 
022 |a 1934-7685 
040 |a BD-DhAAL  |c BD-DhAAL 
110 2 |a International Monetary Fund. 
245 1 0 |a Islamic Republic of Afghanistan :   |b Third Review Under the Staff-Monitored Program and Request for an Extension. 
264 1 |a Washington, D.C. :  |b International Monetary Fund,  |c 2005. 
300 |a 1 online resource (50 pages) 
490 1 |a IMF Staff Country Reports 
500 |a <strong>Off-Campus Access:</strong> No User ID or Password Required 
500 |a <strong>On-Campus Access:</strong> No User ID or Password Required 
506 |a Electronic access restricted to authorized BRAC University faculty, staff and students 
520 3 |a This paper assesses Afghanistan's Third Review Under the Staff-Monitored Program (SMP) and Request for an Extension. Performance during the third quarter of the SMP was strong, particularly considering that the October 2004 presidential elections and the ensuing formation of a new government diverted important human resources. All end-December 2004 indicative quantitative indicators and structural benchmarks were met, except for the benchmark related to the publication in the official gazette of the central bank law and the commercial banking law, as the publication of the latter was delayed for technical reasons. 
538 |a Mode of access: Internet 
830 0 |a IMF Staff Country Reports; Country Report ;  |v No. 2005/128 
856 4 0 |z Full text available on IMF  |u http://elibrary.imf.org/view/journals/002/2005/128/002.2005.issue-128-en.xml  |z IMF e-Library